<?xml version="1.0" encoding="UTF-8"?>
<collection xmlns:xsi="http://www.w3.org/2001/XMLSchema-instance" xsi:schemaLocation="http://www.loc.gov/MARC21/slim http://www.loc.gov/standards/marcxml/schema/MARC21slim.xsd" xmlns="http://www.loc.gov/MARC21/slim">
 <record>
  <leader>00000nam a22000008i 4500</leader>
  <controlfield tag="001">UP-1685675941122040587</controlfield>
  <controlfield tag="003">Buklod</controlfield>
  <controlfield tag="005">20230816143108.0</controlfield>
  <controlfield tag="006">m    |o  d |      </controlfield>
  <controlfield tag="007">cr |||||||||||</controlfield>
  <controlfield tag="008">230801s2022    nyu     o   b 001 0 eng  </controlfield>
  <datafield tag="020" ind1=" " ind2=" ">
   <subfield code="a">9781265533199</subfield>
  </datafield>
  <datafield tag="035" ind1=" " ind2=" ">
   <subfield code="a">22250296</subfield>
  </datafield>
  <datafield tag="037" ind1=" " ind2=" ">
   <subfield code="a">Econ-34542</subfield>
  </datafield>
  <datafield tag="040" ind1="0" ind2=" ">
   <subfield code="a">DLC</subfield>
   <subfield code="d">DECON</subfield>
   <subfield code="e">rda</subfield>
  </datafield>
  <datafield tag="041" ind1="0" ind2=" ">
   <subfield code="a">eng</subfield>
  </datafield>
  <datafield tag="090" ind1="0" ind2="0">
   <subfield code="a">HG 4026</subfield>
   <subfield code="b">R682 2022</subfield>
  </datafield>
  <datafield tag="100" ind1="1" ind2=" ">
   <subfield code="a">Ross, Stephen A.</subfield>
   <subfield code="e">author.</subfield>
  </datafield>
  <datafield tag="245" ind1="1" ind2="0">
   <subfield code="a">Corporate finance</subfield>
   <subfield code="c">Stephen A. Ross, Randolph W. Westerfield, Jeffrey Jaffe, Bradford D. Jordan, Kelly Shue.</subfield>
  </datafield>
  <datafield tag="250" ind1=" " ind2=" ">
   <subfield code="a">Thirteenth edition.</subfield>
  </datafield>
  <datafield tag="264" ind1=" " ind2="1">
   <subfield code="a">New York, NY</subfield>
   <subfield code="b">McGraw Hill LLC</subfield>
   <subfield code="c">[2022].</subfield>
  </datafield>
  <datafield tag="300" ind1=" " ind2=" ">
   <subfield code="a">xxxii, 1022 pages</subfield>
   <subfield code="b">color illustrations</subfield>
   <subfield code="c">26 cm.</subfield>
  </datafield>
  <datafield tag="336" ind1=" " ind2=" ">
   <subfield code="a">text</subfield>
   <subfield code="b">txt</subfield>
   <subfield code="2">rdacontent</subfield>
  </datafield>
  <datafield tag="337" ind1=" " ind2=" ">
   <subfield code="a">unmediated</subfield>
   <subfield code="2">rdamedia</subfield>
   <subfield code="b">n</subfield>
  </datafield>
  <datafield tag="338" ind1=" " ind2=" ">
   <subfield code="a">volume</subfield>
   <subfield code="b">nc</subfield>
   <subfield code="2">rdacarrier</subfield>
  </datafield>
  <datafield tag="490" ind1="0" ind2=" ">
   <subfield code="a">The McGraw-Hill education series in finance, insurance, and real estate</subfield>
  </datafield>
  <datafield tag="504" ind1=" " ind2=" ">
   <subfield code="a">Includes bibliographical references and index.</subfield>
  </datafield>
  <datafield tag="520" ind1="0" ind2=" ">
   <subfield code="a">&quot;The teaching and the practice of corporate finance are more challenging and exciting than ever before. Among other things, the first two decades of the twenty-first century brought us the global financial crisis of 2008-2009 and the COVID-19 pandemic of 2020-2021. Both shocks led to major corporate restructurings, and we still routinely see announcements in the financial press about takeovers, junk bonds, financial restructuring, initial public offerings, bankruptcies, and derivatives. In addition, there are the new recognitions of &quot;real&quot; options, private equity and venture capital, subprime mortgages, bailouts, and credit spreads. As we have learned, the world's financial markets are more integrated than ever before. Both the theory and practice of corporate finance have been moving ahead with uncommon speed, and our teaching must keep pace&quot;--</subfield>
   <subfield code="c">Provided by publisher.</subfield>
  </datafield>
  <datafield tag="650" ind1="0" ind2="0">
   <subfield code="a">Corporations</subfield>
   <subfield code="x">Finance.</subfield>
  </datafield>
  <datafield tag="905" ind1=" " ind2=" ">
   <subfield code="a">FO</subfield>
  </datafield>
  <datafield tag="852" ind1="0" ind2=" ">
   <subfield code="a">UPD</subfield>
   <subfield code="b">DECON</subfield>
   <subfield code="h">HG 4026</subfield>
   <subfield code="i">R682 2022</subfield>
  </datafield>
  <datafield tag="942" ind1=" " ind2=" ">
   <subfield code="a">Book</subfield>
  </datafield>
 </record>
</collection>
